<?xml version="1.0" encoding="UTF-8"?>
<record
    xmlns:xsi="http://www.w3.org/2001/XMLSchema-instance"
    xsi:schemaLocation="http://www.loc.gov/MARC21/slim http://www.loc.gov/standards/marcxml/schema/MARC21slim.xsd"
    xmlns="http://www.loc.gov/MARC21/slim">

  <leader>02092nam a22003131  4500</leader>
  <controlfield tag="005">20050808122104.0</controlfield>
  <controlfield tag="008">721219s1962    nyu           000 0 eng  </controlfield>
  <datafield tag="010" ind1=" " ind2=" ">
    <subfield code="a">B-346951-957</subfield>
  </datafield>
  <datafield tag="020" ind1=" " ind2=" ">
    <subfield code="a">9788172237172</subfield>
    <subfield code="c">295.00</subfield>
  </datafield>
  <datafield tag="020" ind1=" " ind2=" ">
    <subfield code="a">9788172237172</subfield>
    <subfield code="c">295.00</subfield>
  </datafield>
  <datafield tag="035" ind1=" " ind2=" ">
    <subfield code="a">B-346951-957</subfield>
  </datafield>
  <datafield tag="037" ind1=" " ind2=" ">
    <subfield code="b">Aakar Books</subfield>
  </datafield>
  <datafield tag="040" ind1=" " ind2=" ">
    <subfield code="a">dpl</subfield>
    <subfield code="b">English </subfield>
  </datafield>
  <datafield tag="082" ind1=" " ind2=" ">
    <subfield code="a">N</subfield>
  </datafield>
  <datafield tag="100" ind1=" " ind2=" ">
    <subfield code="a">Baranay, Inez</subfield>
  </datafield>
  <datafield tag="245" ind1=" " ind2=" ">
    <subfield code="a">With the Tiger  /</subfield>
    <subfield code="c">by Inez Baranay</subfield>
  </datafield>
  <datafield tag="260" ind1=" " ind2=" ">
    <subfield code="a">Noida</subfield>
    <subfield code="b">Harper-Collins Publishers India</subfield>
    <subfield code="c">2008</subfield>
  </datafield>
  <datafield tag="270" ind1=" " ind2=" ">
    <subfield code="a">A-53, Sector-57, </subfield>
    <subfield code="b">Noida (U.P.)</subfield>
    <subfield code="e">201301</subfield>
  </datafield>
  <datafield tag="300" ind1=" " ind2=" ">
    <subfield code="a">305p</subfield>
    <subfield code="c">20 cm (pbk) </subfield>
  </datafield>
  <datafield tag="942" ind1=" " ind2=" ">
    <subfield code="2">ddc</subfield>
    <subfield code="c">EN</subfield>
    <subfield code="h">N</subfield>
    <subfield code="m">BAR</subfield>
  </datafield>
  <datafield tag="999" ind1=" " ind2=" ">
    <subfield code="c">23883</subfield>
    <subfield code="d">23883</subfield>
  </datafield>
  <datafield tag="952" ind1=" " ind2=" ">
    <subfield code="0">0</subfield>
    <subfield code="1">0</subfield>
    <subfield code="2">ddc</subfield>
    <subfield code="4">0</subfield>
    <subfield code="7">0</subfield>
    <subfield code="8">FIC</subfield>
    <subfield code="a">L</subfield>
    <subfield code="b">L</subfield>
    <subfield code="d">2009-09-29</subfield>
    <subfield code="e">Aakar Books / I-173 / 22.6.09 /18 /6.7.09 / 6.7.09</subfield>
    <subfield code="g">295.00</subfield>
    <subfield code="l">1</subfield>
    <subfield code="o">N BAR</subfield>
    <subfield code="p">B-346951</subfield>
    <subfield code="r">2025-01-06 00:00:00</subfield>
    <subfield code="s">2024-12-09</subfield>
    <subfield code="t">1</subfield>
    <subfield code="v">295.00</subfield>
    <subfield code="w">2009-09-29</subfield>
    <subfield code="y">EN</subfield>
  </datafield>
  <datafield tag="952" ind1=" " ind2=" ">
    <subfield code="0">0</subfield>
    <subfield code="1">0</subfield>
    <subfield code="2">ddc</subfield>
    <subfield code="4">0</subfield>
    <subfield code="7">0</subfield>
    <subfield code="8">FIC</subfield>
    <subfield code="a">BL1</subfield>
    <subfield code="b">BL1</subfield>
    <subfield code="d">2009-09-29</subfield>
    <subfield code="e">Aakar Books / I-173 / 22.6.09 /18 /6.7.09 / 6.7.09</subfield>
    <subfield code="g">295.00</subfield>
    <subfield code="l">0</subfield>
    <subfield code="o">N BAR</subfield>
    <subfield code="p">B-346952</subfield>
    <subfield code="r">2009-09-29 00:00:00</subfield>
    <subfield code="t">1</subfield>
    <subfield code="v">295.00</subfield>
    <subfield code="w">2009-09-29</subfield>
    <subfield code="y">EN</subfield>
  </datafield>
  <datafield tag="952" ind1=" " ind2=" ">
    <subfield code="0">0</subfield>
    <subfield code="1">0</subfield>
    <subfield code="2">ddc</subfield>
    <subfield code="4">0</subfield>
    <subfield code="7">0</subfield>
    <subfield code="8">FIC</subfield>
    <subfield code="a">JP</subfield>
    <subfield code="b">JP</subfield>
    <subfield code="d">2009-09-29</subfield>
    <subfield code="e">Aakar Books / I-173 / 22.6.09 /18 /6.7.09 / 6.7.09</subfield>
    <subfield code="g">295.00</subfield>
    <subfield code="l">10</subfield>
    <subfield code="m">2</subfield>
    <subfield code="o">N BAR</subfield>
    <subfield code="p">B-346953</subfield>
    <subfield code="r">2019-06-18 00:00:00</subfield>
    <subfield code="s">2019-05-20</subfield>
    <subfield code="t">1</subfield>
    <subfield code="v">295.00</subfield>
    <subfield code="w">2009-09-29</subfield>
    <subfield code="y">EN</subfield>
  </datafield>
  <datafield tag="952" ind1=" " ind2=" ">
    <subfield code="0">0</subfield>
    <subfield code="1">0</subfield>
    <subfield code="2">ddc</subfield>
    <subfield code="4">0</subfield>
    <subfield code="7">0</subfield>
    <subfield code="8">FIC</subfield>
    <subfield code="a">ZLS</subfield>
    <subfield code="b">ZLS</subfield>
    <subfield code="d">2009-09-29</subfield>
    <subfield code="e">Aakar Books / I-173 / 22.6.09 /18 /6.7.09 / 6.7.09</subfield>
    <subfield code="g">295.00</subfield>
    <subfield code="l">1</subfield>
    <subfield code="m">1</subfield>
    <subfield code="o">N BAR</subfield>
    <subfield code="p">B-346954</subfield>
    <subfield code="r">2022-02-19 00:00:00</subfield>
    <subfield code="s">2022-01-29</subfield>
    <subfield code="t">1</subfield>
    <subfield code="v">295.00</subfield>
    <subfield code="w">2009-09-29</subfield>
    <subfield code="y">EN</subfield>
  </datafield>
  <datafield tag="952" ind1=" " ind2=" ">
    <subfield code="0">0</subfield>
    <subfield code="1">0</subfield>
    <subfield code="2">ddc</subfield>
    <subfield code="4">0</subfield>
    <subfield code="7">0</subfield>
    <subfield code="8">FIC</subfield>
    <subfield code="a">VP</subfield>
    <subfield code="b">VP</subfield>
    <subfield code="d">2009-09-29</subfield>
    <subfield code="e">Aakar Books / I-173 / 22.6.09 /18 /6.7.09 / 6.7.09</subfield>
    <subfield code="g">295.00</subfield>
    <subfield code="l">3</subfield>
    <subfield code="o">N BAR</subfield>
    <subfield code="p">B-346955</subfield>
    <subfield code="r">2014-07-31 00:00:00</subfield>
    <subfield code="s">2014-07-18</subfield>
    <subfield code="t">1</subfield>
    <subfield code="v">295.00</subfield>
    <subfield code="w">2009-09-29</subfield>
    <subfield code="y">EN</subfield>
  </datafield>
  <datafield tag="952" ind1=" " ind2=" ">
    <subfield code="0">0</subfield>
    <subfield code="1">0</subfield>
    <subfield code="2">ddc</subfield>
    <subfield code="4">0</subfield>
    <subfield code="7">0</subfield>
    <subfield code="8">FIC</subfield>
    <subfield code="a">BL3</subfield>
    <subfield code="b">BL3</subfield>
    <subfield code="d">2009-09-29</subfield>
    <subfield code="e">Aakar Books / I-173 / 22.6.09 /18 /6.7.09 / 6.7.09</subfield>
    <subfield code="g">295.00</subfield>
    <subfield code="l">0</subfield>
    <subfield code="o">N BAR</subfield>
    <subfield code="p">B-346956</subfield>
    <subfield code="r">2009-09-29 00:00:00</subfield>
    <subfield code="t">1</subfield>
    <subfield code="v">295.00</subfield>
    <subfield code="w">2009-09-29</subfield>
    <subfield code="y">EN</subfield>
  </datafield>
  <datafield tag="952" ind1=" " ind2=" ">
    <subfield code="0">0</subfield>
    <subfield code="1">0</subfield>
    <subfield code="2">ddc</subfield>
    <subfield code="4">0</subfield>
    <subfield code="7">0</subfield>
    <subfield code="8">FIC</subfield>
    <subfield code="a">BL4</subfield>
    <subfield code="b">BL4</subfield>
    <subfield code="d">2009-09-29</subfield>
    <subfield code="e">Aakar Books / I-173 / 22.6.09 /18 /6.7.09 / 6.7.09</subfield>
    <subfield code="g">295.00</subfield>
    <subfield code="l">2</subfield>
    <subfield code="o">N BAR</subfield>
    <subfield code="p">B-346957</subfield>
    <subfield code="r">2021-08-23 00:00:00</subfield>
    <subfield code="s">2021-08-09</subfield>
    <subfield code="t">1</subfield>
    <subfield code="v">295.00</subfield>
    <subfield code="w">2009-09-29</subfield>
    <subfield code="y">EN</subfield>
  </datafield>
</record>
